Darovali hodinový zárobok

Bibliographic Details
Format: Article
Language:Slovak
PhysicalDescription:Fotogr.
Subjects:

MARC

LEADER 00000nab a2200000 a 4500
001 vtls001031130
003 SK-MaSNL
005 20260303035751.0
008 040720e20040108xo 0 slo
035 |a SL9684 
040 |a SLLK  |b slo  |c SLLK  |e AACR2 
041 0 |a slo 
044 |a xo  |c SK 
080 |a 027.53  |2 1981 
245 0 0 |a Darovali hodinový zárobok  |c [autor] (eo) ; foto (eo) 
300 |b Fotogr. 
610 2 7 |a Ľubovnianska knižnica (Stará Ľubovňa, Slovensko)  |2 SLLK  |9 33809 
650 0 7 |a Hodina deťom (nadácia)  |2 SLLK  |9 1022985 
650 0 7 |a finančné zbierky  |2 snkbucl  |9 344577 
651 7 |a Stará Ľubovňa (Slovensko)  |2 SLLK  |9 19193 
773 0 8 |t Ľubovnianske noviny  |g Roč. 30, č. 1, 8. 1.2004, s. 2 
852 |a ZVYKNI  |b KIS3GCP 
999 |c 1678821  |d 1680751